00624nam a2200169 a 4500008004100000020001500041050001800056100001900074245004200093260003200135300001400167350000900181700002100190995009200211999001700303952013400320120416s0000 ||||||||||||||||| || u a0070038732 aTK 7888.3 Bar aLebow, Irwin L10aTheory and design of digital machines aNew YorkbMcGraw-Hillc1962 aix, 342p. a0.00 aBartee, Thomas C D0.00FCBU-MAIN LIBRARY (Kitwe)H1I6.95UAVAILABLEZMain Library Open Access Collection c59741d59741 00102lcc4070a001b001cMain Library Open Access Collectiond2022-11-30l0oTK 7888.3 Barp017084r2022-11-30w2022-11-30y002